| 000 | 00445nam a22001457a 4500 | ||
|---|---|---|---|
| 003 | NUST | ||
| 038 | _aMuhammad Ibrahim | ||
| 082 |
_a324.251075 _bYIT 2018 |
||
| 100 |
_aYiting, He _988743 |
||
| 245 |
_aThe central party school and the success of the communist party of China _bHe Yiting |
||
| 260 |
_aBeijing : _bForeign Language Press, _c2018 |
||
| 300 |
_aiv, 340 pages _billustrations, portraits _c 25 cm. |
||
| 563 | _aPB | ||
| 942 |
_2ddc _cBK |
||
| 999 |
_c587760 _d587760 |
||